| 000 | 00639nam a2200217 u 4500 | ||
|---|---|---|---|
| 005 | 20240320063630.0 | ||
| 008 | 150224s2002 es r 000 0 spa d | ||
| 020 | _a8484700534 | ||
| 035 | _aUPN01000202010 | ||
| 049 | _aI | ||
| 050 | 4 |
_aPZ71 _bA8.3 |
|
| 100 | 1 |
_aAshbé, Jeanne, _d1955- _931689 |
|
| 245 | 1 | 1 |
_a¡Cu cu! / _cJeanne Ashbé ; tr. Anna Coll-Vinent. |
| 260 |
_aBarcelona, Esp. : _bCorimbo, _c2002. |
||
| 300 |
_a[28] p. : _bil. col. |
||
| 534 |
_pTítulo original : _tCoucou |
||
| 650 | 4 |
_aLiteratura infantil belga _99175 |
|
| 650 | 7 |
_aLibros ilustrados para niños _2 _921365 |
|
| 905 | _aInfantil | ||
| 999 |
_c174111 _d174111 |
||